=LDR 00000nam 2200000 4500 =001 INLIS000000000045203 =005 20150105144308.0 =006 =007 =008 =020 ##$$a 978-979-769-339-8 =035 ##$$0010-011500000000029 =040 ##$$a Ind =082 ##$$a 658.07 =090 ##$$a 658.07$bFar t =100 ##$$a Prof.Dr.Drs.H.Faried Ali, S.H, M.S =245 ##$$a Teori dan konsep administrasi =250 ##$$a ed.1-2 cet. 2 =260 ##$$a jakarta $ raja grafindo$c2011 =440 ##$$a dari pemikiran paradigmatik menuju redefinisi =700 ##$$a Faried Ali =850 ##$$a NBPDMAT =990 ##$$a 0001/BPAP-NTB/20142015 =990 ##$$a 0001/BPAP-NTB/2016 =990 ##$$a 44554455 =990 ##$$a 0001/BPAP-NTB/20142015 =990 ##$$a 0001/BPAP-NTB/2016 =990 ##$$a 01201804455